Úspech - cesta učenia sa a neustáleho zlepšovania sa

Kľúčové vlastnosti úspešného vedúceho. Kritériá vlastného úspechu a čo sa očakáva od vedúceho. Zodpovednosť a splnenie ukazovateľov výkonnosti. Päť podstatných zložiek vonkajšieho úspechu.

Guardado en:
Detalles Bibliográficos
Autor principal: Lukačka, Rudo
Formato: Capítulo de libro
Lenguaje:eslovaco
Materias:
Etiquetas: Agregar Etiqueta
Sin Etiquetas, Sea el primero en etiquetar este registro!

MARC

LEADER 00000naa a2200000 4500
001 0184513
005 20231116122201.3
041 0 |a slo 
044 |a SK 
245 1 0 |a Úspech - cesta učenia sa a neustáleho zlepšovania sa  |c Rudo Lukačka 
520 |a Kľúčové vlastnosti úspešného vedúceho. Kritériá vlastného úspechu a čo sa očakáva od vedúceho. Zodpovednosť a splnenie ukazovateľov výkonnosti. Päť podstatných zložiek vonkajšieho úspechu. 
610 2 0 |a manažéri 
610 2 0 |a pracovníci riadiaci 
610 2 0 |a pracovníci vedúci 
610 2 0 |a vedenie ľudí 
610 2 0 |a rozhodovanie 
610 2 0 |a metódy riadenia 
610 2 0 |a úspech pracovný 
100 1 |a Lukačka, Rudo